000 00809nas a2200253 4500
001 BR0810134
003 BR-BrBNA
005 20231205112922.0
007 ta
008 230509b bl.|||p| |||| 00| 00por d
040 _aBR-BrBNA
_bpor
_cBiblioteca Nacional de Agricultura
041 _a(Pt)
072 _aL72; L70
100 1 _aFaria, R.N.
100 1 _aCury, M.C.
100 1 _aLima, W.S.
245 1 _aConcordância entre duas técnicas coproparasitológicas para diagnóstico de Fasciola hepatica em bovinos
650 _aBOVINO
650 _aDIAGNÓSTICO
650 _aFASCÍOLA
773 0 _tArquivo Brasileiro de Medicina Veterinária e Zootecnia (Brazil)
_xISSN 0102-0935
_g(Aug 2008), v. 60(4) p. 1023-1025
_wBR0810134
909 _a202311
_bLúcia
_c55
_dLúcia Elande
942 _2AGRIS
_n0
_cANA
999 _c200791
_d200791